00831nam a22002297a 450000500170000001000150001702000260003203500130005803700130007108200170008424500910010126000310019227000790022330000260030249000340032850000190036270000250038170000170040694200310042399900170045495201300047120140218125431.0 aENG-108546 a9788189643355c795.00 aEN-92079 bDBAD/PUB a302.23450954 aTelevision at large in South Asia / cedited by Aswin Punathambekar [and] Shanti Kumar aNew DelhibRoutledgec2013 a912 Tolstoy House, 15-17 Tolostoy Marg, Connaught PlacebNew Delhie110001 avi, 269p. c22cm (Hb) aSouth Asian history & culture aIncludes index aPunathambekar, Aswin aShanti Kumar 2ddccENmTELh302.23450954 c79403d79403 001040718NFICaDBADbDBADd2013-09-16eDBAD/PUBg795.00l0o302.23450954 TELpEN-92079r2013-09-16 00:00:00t1v795.00yEN